书目信息 |
| 题名: |
轻钢结构施工与监理手册
|
|
| 作者: | 尹显奇 编著 | |
| 分册: | ||
| 出版信息: | 北京 金盾出版社 2003.12 |
|
| 页数: | 668页 | |
| 开本: | 26cm | |
| 丛书名: | ||
| 单 册: | ||
| 中图分类: | TU758.11-62 | |
| 科图分类: | ||
| 主题词: | 轻型钢结构--Qing Xing Gang Jie Gou--工程施工--技术手册 , 轻型钢结构--Qing Xing Gang Jie Gou--建筑工程--监督管理--手册 | |
| 电子资源: | ||
| ISBN: | 7-5082-2638-0 | |
| 000 | 00990nam0 2200229 450 | |
| 001 | CAL 012004030176 | |
| 005 | 20060529150749.89 | |
| 010 | @a7-5082-2638-0@b精装@dCNY 65.00 | |
| 099 | @aCAL 012004030176 | |
| 100 | @a20040326d2003 ekmy0chiy0121 ea | |
| 101 | 0 | @achi |
| 102 | @aCN@b110000 | |
| 200 | 1 | @a轻钢结构施工与监理手册@AQing Gang Jie Gou Shi Gong Yu Jian Li Shou Ce@f尹显奇编著 |
| 210 | @a北京@c金盾出版社@d2003.12 | |
| 215 | @a668页@d26cm | |
| 330 | @a本书是依据相应的国家标准、规范,结合作者几十年的工作实践,并参考了有关资料编写而成的。书中对以焊接H型钢生产线为主的轻钢结构,彩色压型钢板围护结构,以及网架制作安装都作了较详细的阐述,并列举了大量数据与工艺参数,其中多为实践所得,很有实用价值。 | |
| 606 | @a轻型钢结构@AQing Xing Gang Jie Gou@x工程施工@j技术手册 | |
| 606 | @a轻型钢结构@AQing Xing Gang Jie Gou@x建筑工程@x监督管理@j手册 | |
| 690 | @aTU758.11-62@v4 | |
| 701 | 0 | @a尹显奇@AYin Xian Qi@4编著 |
| 801 | 0 | @aCN@bSDUL@c20060529 |
| 905 | @a10447@dTU758.11-62@eY603 | |
| 轻钢结构施工与监理手册/尹显奇编著.-北京:金盾出版社,2003.12 |
| 668页;26cm |
| ISBN 7-5082-2638-0(精装):CNY 65.00 |
| 本书是依据相应的国家标准、规范,结合作者几十年的工作实践,并参考了有关资料编写而成的。书中对以焊接H型钢生产线为主的轻钢结构,彩色压型钢板围护结构,以及网架制作安装都作了较详细的阐述,并列举了大量数据与工艺参数,其中多为实践所得,很有实用价值。 |
| ● |
| 相关链接 |
|
|
|
正题名:轻钢结构施工与监理手册
索取号:TU758.11-62/Y603
 
预约/预借
| 序号 | 登录号 | 条形码 | 馆藏地/架位号 | 状态 | 备注 |
| 1 | 602398 | 206023989 | 建筑库201/201建筑库 74排1列5层/ [索取号:TU758.11-62/Y603] | 在馆 |